000 00299nam a2200109Ia 4500
008 200302s9999 xx 000 0 und d
100 _aDinah Hall
245 _aCountry and Modern Contemporary Interiors for Rural Settings
260 _bQuadrille publishing Ltd.
260 _c1998
300 _a160 P.,
999 _c2124
_d2124